000
00338nam a22001217a 4500
040
_c
HS
082
_a
571
100
_a
គី វណ្ណារិទ្ធ
245
_a
សរីរៈវិទ្យាត្រី The physiology of fishes
260
_a
RUA
_b
គី វណ្ណារិទ្ធ
_c
2001
300
_a
73p.
942
_c
KB
999
_c
8844
_d
8844